Najciekawsze auta widziane w Katowice Brynów - Statystyki

Ogólne statystyki
  • Ten quiz został rozwiązany 84 razy
    74 od ostatniego zresetowania
  • Średni wynik to 7 z 12
Statystyki odpowiedzi
Obrazkowy Odpowiedź % Poprawnych
Porsche 911 GT3
90%
BMW M2
71%
Audi RSQ8
68%
Brabus (Mercedes) AMG G63
65%
BMW z4
58%
Porsche Taycan
53%
Rolls-Royce Phantom
53%
Subaru WRX STI
52%
BMW M850i
45%
Ferarri SF90 Spider
37%
BMW M135i
31%
Maserati MC20
29%
Nie znaleziono quizów pasujących do podanych kryteriów
Rozkład punktacji
Procent ludzi z każdym wynikiem
Percentyl według liczby udzielonych odpowiedzi
Twoja historia wyników
Nie rozwiązałeś tego quizu od ostatniego zresetowania